000 00285nam a22001337a 4500
003 SGT
020 _a978171328260
082 _a371.9,GOE
100 _aGOEL S.K.
245 _aSPECIAL EDUCATION NEEDS
260 _aJAIPUR
_bPOINTER PUBLISHARS
_c2022
300 _a168
942 _2ddc
_cBK
999 _c34111
_d34111